Integración del hadware del robot humanoide del ARCOS-LAB de la EIE
Na minha lista:
| Autor principal: | |
|---|---|
| Outros Autores: | |
| Formato: | Livro |
| Idioma: | Spanish |
| Publicado em: |
[San José ], Costa Rica
2017
|
| Assuntos: | |
| Tags: |
Adicionar Tag
Sem tags, seja o primeiro a adicionar uma tag!
|
MARC
| LEADER | 00000nam a22000007a 4500 | ||
|---|---|---|---|
| 003 | 012739 | ||
| 005 | 20231127144007.0 | ||
| 008 | 171010b2017 cr a|||| m||| |0| ||spa d | ||
| 040 | |c cru CEDI | ||
| 090 | |a TFG 7890 | ||
| 100 | |a Suárez Bonilla, Félix David, 1986- |9 1885 | ||
| 245 | |a Integración del hadware del robot humanoide del ARCOS-LAB de la EIE | ||
| 260 | |a [San José ], Costa Rica |c 2017 | ||
| 300 | |a xi, 111 hojas ; ilustraciones a color | ||
| 500 | |a Trabajo de graduación (licenciatura en ingeniería eléctrica)--Universidad de Costa Rica. Facultad de Ingeniería. Escuela de Ingeniería Eléctrica | ||
| 501 | |a Director de Trabajo de Graduación: Dr. rer. nat. Federico Ruiz Ugalde | ||
| 650 | |x ROBOTS MOVILES |x ROBOTICA |x ROBOTICA - FACTORES HUMANOS |x CONTROL REMOTO |x SISTEMAS DE CONTROL |x PROGRAMACION (COMPUTADORAS ELECTRONICAS) |x ROBOTS |x ROBOTICA - DISEÑO Y CONTRUCCION |9 10111 | ||
| 700 | |a Ruiz Ugalde, Federico, 1980- |d Director de TFG |9 714 | ||
| 942 | |c TFG |h TFG 7890 |i 012739 |6 TFG_7890_012739000000000 | ||
| 999 | |c 19108 |d 19108 | ||
